Education and empowerment of persons with disabilities / (Record no. 42714)

MARC details
000 -LEADER
fixed length control field 00708nam a22002057a 4500
005 - DATE AND TIME OF LATEST TRANSACTION
control field 20100820142259.0
010 ## - LCCN (DPL NO)
LC control number ENG-101123
020 ## - INTERNATIONAL STANDARD BOOK NUMBER
Terms of availability 20.00
035 ## - SYSTEM CONTROL NUMBER
System control number EN-84656
037 ## - SOURCE OF ACQUISITION
Source of stock number/acquisition DBAD/PUB
082 ## - DEWEY DECIMAL CLASSIFICATION NUMBER
Classification number 371.91
100 ## - MAIN ENTRY--PERSONAL NAME
Personal name Rajam, S.
245 ## - TITLE STATEMENT
Title Education and empowerment of persons with disabilities /
Statement of responsibility, etc by S. Rajam
260 ## - PUBLICATION, DISTRIBUTION, ETC. (IMPRINT)
Place of publication, distribution, etc Chennai
Name of publisher, distributor, etc Today Publication
Date of publication, distribution, etc 2008
270 ## - ADDRESS
Address S. R. Complex, 192n Bells Road
City Chennai
Postal code 5
300 ## - PHYSICAL DESCRIPTION
Extent 25 p.
Dimensions 21cm (pbk)
650 ## - SUBJECT ADDED ENTRY--TOPICAL TERM
Topical term or geographic name as entry element Education for disaibals
942 ## - ADDED ENTRY ELEMENTS (KOHA)
Source of classification or shelving scheme Dewey Decimal Classification
Item type English Books
Call number suffix RAJ
Classification part 371.91
Holdings
Withdrawn status Lost status Not for loan Collection code Home library Current library Date acquired Cost, normal purchase price Full call number Barcode Copy number Cost, replacement price Koha item type
    Not For Loan Non-fiction D.B.Act.Division D.B.Act.Division 20/08/2010 20.00 371.91 RAJ EN-84656 1 20.00 English Books

© Delhi Public Library
Hit Counter
free hit counter